[Event "XXIII C.to Italiano UISP"]
[Site "Rimini ITA"]
[Date "2002.12.??"]
[Round "6"]
[White "Ricci, Marco"]
[Black "Livecchi, Dario"]
[Result "0-1"]
[WhiteElo "2165"]
[BlackElo "2166"]
[PlyCount "82"]
[EventDate "2002.12.12"]

1.e4 c5 2.Nf3 Nc6 3.d4 cxd4 4.Nxd4 Nf6 5.Nc3 e5 6.Ndb5 d6 7.Bg5 a6 8.Na3 
b5 9.Bxf6 gxf6 10.Nd5 Bg7 11.c3 f5 12.Bd3 Be6 13.Bc2 f4 14.O-O O-O 15.Nb1 
Rc8 16.b4 a5 17.a4 bxa4 18.b5 Bxd5 19.Qxd5 Ne7 20.Qd3 f5 21.exf5 d5 22.f6 
Rxf6 23.Qxh7+ Kf8 24.Rd1 e4 25.Qh5 Rf5 26.Qe2 Qb6 27.Bxa4 f3 28.Qd2 Qg6 
29.g3 Qg4 30.Qe1 e3 31.Bc2 Rf7 32.Ra4 Qh3 33.Qf1 Qxf1+ 34.Kxf1 e2+ 35.Ke1 
exd1=Q+ 36.Bxd1 Bxc3+ 37.Nxc3 Rxc3 38.Rxa5 d4 39.b6 Nc6 40.Rb5 Rd3 41.b7 
Re7+ 0-1

[Event "XXIII C.to Italiano UISP"]
[Site "Rimini ITA"]
[Date "2002.12.??"]
[Round "6"]
[White "Rombaldoni, Axel"]
[Black "Perico', Alessandro"]
[Result "1-0"]
[WhiteElo "1669"]
[BlackElo "1600"]
[PlyCount "61"]
[EventDate "2002.12.12"]

1.e4 e6 2.d4 d5 3.Nc3 Bb4 4.a3 Bxc3+ 5.bxc3 Nf6 6.e5 Nfd7 7.Qg4 Kf8 8.Bd3 
c5 9.f4 c4 10.Be2 h5 11.Qh3 g6 12.g4 h4 13.Nf3 Nc6 14.Bd2 Nb6 15.O-O Na4 
16.Be1 Qa5 17.Nxh4 Ke8 18.Qg3 Qb5 19.Bd2 Na5 20.Rab1 Qa6 21.f5 gxf5 22.
gxf5 b5 23.Qg7 Rxh4 24.Qg8+ Kd7 25.Qxf7+ Kc6 26.Qe8+ Bd7 27.Qxa8+ Qb7 28.
Qxb7+ Nxb7 29.f6 Rh8 30.f7 Rf8 31.Bh6 1-0

[Event "XXIII C.to Italiano UISP"]
[Site "Rimini ITA"]
[Date "2002.12.??"]
[Round "6"]
[White "Rombaldoni, Denis"]
[Black "Collutiis, Duilio"]
[Result "1-0"]
[WhiteElo "2061"]
[BlackElo "2332"]
[PlyCount "86"]
[EventDate "2002.12.12"]

1.d4 Nf6 2.c4 c5 3.d5 b5 4.cxb5 a6 5.bxa6 g6 6.Nc3 Bxa6 7.Nf3 Bg7 8.g3 d6 
9.Bg2 Nbd7 10.Rb1 Nb6 11.b3 Bb7 12.Nh4 O-O 13.O-O Ra7 14.Bb2 Qa8 15.e4 
Nfd7 16.Qc2 Ba6 17.Rfd1 Ne5 18.Nf3 Nxf3+ 19.Bxf3 Bc8 20.a4 Bd7 21.Be2 c4 
22.Bxc4 Nxc4 23.bxc4 Rc8 24.Qb3 Rac7 25.Nb5 Rxc4 26.Rdc1 Rxe4 27.Rxc8+ 
Qxc8 28.Rc1 Qa6 29.Bxg7 Kxg7 30.Rc4 Re1+ 31.Kg2 e5 32.Rc7 Bf5 33.Qb4 Be4+ 
34.Kh3 Re2 35.Nxd6 Bxd5 36.Ne8+ Kg8 37.Nf6+ Kg7 38.Nxd5 Qe6+ 39.Qg4 Qxg4+ 
40.Kxg4 Re4+ 41.Kf3 Rxa4 42.Ne3 h5 43.Re7 Kf6 1-0

[Event "XXIII C.to Italiano UISP"]
[Site "Rimini ITA"]
[Date "2002.12.??"]
[Round "6"]
[White "Ronchetti, Niccolo'"]
[Black "Sgarito, Carmelo"]
[Result "1-0"]
[WhiteElo "2233"]
[BlackElo "1780"]
[PlyCount "61"]
[EventDate "2002.12.12"]

1.e4 c6 2.d4 d5 3.Nc3 dxe4 4.Nxe4 Bf5 5.Ng3 Bg6 6.Nf3 h6 7.Bc4 e6 8.Qe2 
Be7 9.Bf4 Nd7 10.Bb3 Ngf6 11.O-O O-O 12.c3 Nd5 13.Bd2 Qc7 14.Ne5 Nxe5 15.
dxe5 Rad8 16.f4 a6 17.Rad1 b5 18.Kh1 Nb6 19.f5 exf5 20.Nxf5 Bc5 21.e6 fxe6
22.Qxe6+ Bf7 23.Nxh6+ gxh6 24.Qg6+ Kh8 25.Bxf7 Rd6 26.Qh5 Nc8 27.Qe5+ Kh7 
28.Bg6+ Kxg6 29.Rxf8 Qe7 30.Rg8+ Kh7 31.Qh8# 1-0

[Event "XXIII C.to Italiano UISP"]
[Site "Rimini ITA"]
[Date "2002.12.??"]
[Round "6"]
[White "Soprano, Paolo"]
[Black "Gazzarri, Alberto"]
[Result "1-0"]
[WhiteElo "2276"]
[BlackElo "2173"]
[PlyCount "75"]
[EventDate "2002.12.12"]

1.c4 Nf6 2.Nc3 d6 3.g3 g6 4.Bg2 Bg7 5.Nf3 O-O 6.O-O e5 7.d3 Re8 8.Nd2 Qe7 
9.Rb1 c6 10.b4 Be6 11.b5 Qd7 12.Nde4 h6 13.Bxh6 Bh3 14.Nxf6+ Bxf6 15.Ne4 
Be7 16.Qd2 f6 17.Nc3 Kh7 18.Be3 Rh8 19.f3 Bxg2 20.Kxg2 Kg7 21.g4 d5 22.
cxd5 cxd5 23.d4 e4 24.Bf4 Qe6 25.h3 Nd7 26.fxe4 Rxh3 27.Kxh3 Rh8+ 28.Kg3 
g5 29.Bc7 Bd6+ 30.Bxd6 Qxd6+ 31.e5 Nxe5 32.dxe5 Qxe5+ 33.Kf2 Rh3 34.Ke1 
Rxc3 35.Rc1 Ra3 36.Qc2 Qg3+ 37.Kd1 Qh3 38.Qf5 1-0

[Event "XXIII C.to Italiano UISP"]
[Site "Rimini ITA"]
[Date "2002.12.??"]
[Round "6"]
[White "Vezzosi, Paolo"]
[Black "Efimov, Igor"]
[Result "0-1"]
[WhiteElo "2394"]
[BlackElo "2480"]
[PlyCount "93"]
[EventDate "2002.12.12"]

1.c4 c6 2.d4 d5 3.Nc3 Nf6 4.e3 e6 5.Nf3 Nbd7 6.Qc2 b6 7.b3 Bb7 8.Be2 Rc8 
9.O-O c5 10.Rd1 cxd4 11.exd4 Qc7 12.Bb2 Be7 13.Ne5 O-O 14.f4 Rfd8 15.Rac1 
Qb8 16.Rd3 Nf8 17.Rf1 Ne4 18.Nxe4 dxe4 19.Rg3 f6 20.Ng4 Ng6 21.f5 exf5 22.
Rxf5 Bd6 23.Re3 Rc7 24.c5 Bf4 25.Bc4+ Kh8 26.Rh3 b5 27.Rxh7+ Kxh7 28.Rh5+ 
Bh6 29.Rxh6+ gxh6 30.Qd2 bxc4 31.Qxh6+ Kg8 32.Qxg6+ Rg7 33.Nxf6+ Kf8 34.
Qf5 Qc8 35.Nd7+ Ke7 36.c6 Rxd7 37.cxd7 Qxd7 38.Ba3+ Kd8 39.Qf6+ Kc8 40.
Qf8+ Kc7 41.Qf4+ Kb6 42.Bc5+ Ka6 43.bxc4 Rg6 44.Qb8 Rb6 45.Bxb6 axb6 46.
Qe5 Qa4 47.c5 0-1

[Event "XXIII C.to Italiano UISP"]
[Site "Rimini ITA"]
[Date "2002.12.??"]
[Round "6"]
[White "Voltolini, Mario"]
[Black "Musmarra, Giovanni"]
[Result "1-0"]
[WhiteElo "2215"]
[BlackElo "1362"]
[PlyCount "67"]
[EventDate "2002.12.12"]

1.e4 e5 2.Nf3 Nc6 3.d4 exd4 4.Nxd4 Be7 5.Bc4 Ne5 6.Bb3 Nf6 7.Qe2 d6 8.f4 
Ng6 9.O-O O-O 10.Nd2 Re8 11.Qc4 Bf8 12.Qxf7+ Kh8 13.Qc4 c5 14.Nf5 Be6 15.
Qd3 Qb6 16.c4 Rad8 17.Ng3 Bd7 18.Bc2 Bc6 19.Kh1 Qc7 20.b3 a6 21.a4 Qe7 22.
Bb2 Ng4 23.Nf5 Qc7 24.Qf3 Nf6 25.Ne3 b6 26.Nd5 Nxd5 27.exd5 Bd7 28.Qh5 Kg8
29.f5 Ne5 30.f6 g6 31.f7+ Nxf7 32.Bxg6 hxg6 33.Qxg6+ Bg7 34.Qxg7# 1-0

[Event "C.to Provinciale MN 2003"]
[Site "Mantova ITA"]
[Date "2002.12.07"]
[Round "1"]
[White "Badalotti, Dario"]
[Black "Ruggeri, Dario"]
[Result "0-1"]
[WhiteElo "1489"]
[BlackElo "1630"]
[PlyCount "56"]
[EventDate "2002.12.07"]

1. e4 e5 2. Nf3 Nf6 3. d3 Nc6 4. Be2 d5 5. exd5 Nxd5 6. h3 Bd6 7. Bd2 O-O 8.
Nc3 Nxc3 9. Bxc3 Be6 10. O-O h6 11. Nd2 f5 12. Bf3 Qd7 13. Re1 Nd4 14. Bxb7
Rab8 15. Ba6 f4 16. Bc4 Bxc4 17. Nxc4 f3 18. Nxe5 Bxe5 19. Rxe5 fxg2 20. Kxg2
Qc6+ 21. Kg1 Nf3+ 22. Kf1 Nxe5 23. Bxe5 Qh1+ 24. Ke2 Qf3+ 25. Kd2 Qxf2+ 26. Qe2
Qc5 27. d4 Qb4+ 28. Kc1 Qxb2+ 0-1

[Event "C.to Provinciale MN 2003"]
[Site "Mantova ITA"]
[Date "2002.12.07"]
[Round "1"]
[White "Fertonani, Lorenzo"]
[Black "Fezzardi, Emanuele"]
[Result "0-1"]
[WhiteElo "1600"]
[BlackElo "1729"]
[PlyCount "92"]
[EventDate "2002.12.07"]

1. e4 d5 2. exd5 Nf6 3. Nc3 Nxd5 4. Nge2 Bg4 5. f3 Bf5 6. Nxd5 Qxd5 7. Nc3 Qd7
8. d3 Nc6 9. Be3 e5 10. a3 Bd6 11. Qd2 O-O-O 12. Nb5 a6 13. Nxd6+ Qxd6 14. Rd1
Rhe8 15. g4 Nd4 16. Bxd4 exd4+ 17. Be2 Bd7 18. Kf2 Re3 19. Rde1 Qf4 20. Kg2
Bxg4 21. fxg4 Rg3+ 22. hxg3 Qxd2 23. Kf2 h6 24. Kf3 Re8 25. Rhf1 Re3+ 26. Kf2
Qxc2 27. b4 Qb2 28. a4 Qxb4 29. Bd1 Rxd3 30. Re8+ Kd7 31. Rfe1 Rxd1 32. Rxd1
Kxe8 33. Re1+ Kd7 34. Rd1 c5 35. Kg2 b5 36. axb5 axb5 37. Kh3 Qc3 38. Rh1 b4
39. Rh2 b3 40. Rg2 b2 41. Rxb2 Qxb2 42. g5 hxg5 43. g4 d3 44. Kg3 d2 45. Kh3
d1=R 46. Kg3 Rd3# 0-1

[Event "C.to Provinciale MN 2003"]
[Site "Mantova ITA"]
[Date "2002.12.07"]
[Round "1"]
[White "Goldoni, Claudio"]
[Black "Pietralunga, Nicola"]
[Result "1-0"]
[WhiteElo "1948"]
[BlackElo "2060"]
[PlyCount "143"]
[EventDate "2002.12.07"]

1. c4 e6 2. d4 d5 3. Nc3 c6 4. e3 f5 5. Nf3 Nf6 6. Ne5 Bd6 7. f4 O-O 8. Be2
Nbd7 9. Bd2 Ne4 10. Nxe4 fxe4 11. O-O Qe7 12. Qb3 Kh8 13. a4 Nf6 14. a5 Bd7 15.
c5 Bc7 16. Qxb7 Rfc8 17. Qb3 Rab8 18. Qc2 Rg8 19. b4 Ne8 20. Qa4 Bxe5 21. fxe5
Nc7 22. Rf2 a6 23. Raf1 Rgf8 24. Qd1 Kg8 25. Rf4 Rxf4 26. exf4 Nb5 27. Be1 Nc7
28. Qd2 Rf8 29. Qe3 Rb8 30. g4 g6 31. Qh3 Nb5 32. Qe3 Nc7 33. Kh1 Kg7 34. Qh3
Nb5 35. Bh4 Qf7 36. Bf6+ Kg8 37. Qe3 Nc7 38. Qd2 Bc8 39. h4 Ne8 40. Bd8 Bb7 41.
Bg5 Bc8 42. Kg2 Qb7 43. Rb1 Qf7 44. Kg3 Ng7 45. Qd1 h5 46. Bf6 hxg4 47. Bxg7
Kxg7 48. Bxg4 Bb7 49. Qd2 Rh8 50. Rh1 Bc8 51. Qe2 Rf8 52. Qe3 Rh8 53. Be2 Kf8
54. Qf2 Qb7 55. Rb1 Qf7 56. Qh2 Ke8 57. Qh3 Rf8 58. Qg4 Qf5 59. Rh1 Qxg4+ 60.
Bxg4 Kf7 61. h5 Kg7 62. Be2 Rf7 63. hxg6 Rf8 64. Rh7+ Kxg6 65. Rc7 Kh6 66. Rxc6
Rg8+ 67. Bg4 Rf8 68. f5 Kg5 69. f6 Bd7 70. Rc7 Bb5 71. Rg7+ Kh6 72. Kf4 1-0

[Event "C.to Provinciale MN 2003"]
[Site "Mantova ITA"]
[Date "2002.12.07"]
[Round "1"]
[White "Zordan, Giovanni"]
[Black "Trazzi, Enrico"]
[Result "0-1"]
[WhiteElo "1507"]
[BlackElo "1506"]
[PlyCount "110"]
[EventDate "2002.12.07"]

1. e4 e5 2. Nf3 Nc6 3. Bb5 a6 4. Bxc6 dxc6 5. b3 Bg4 6. Bb2 Bd6 7. Na3 b5 8. c4
Ne7 9. O-O O-O 10. Qe2 Ng6 11. Qe3 Bxf3 12. Qxf3 Re8 13. d3 Qe7 14. Nc2 Bc5 15.
Ne3 Bxe3 16. Qxe3 Rad8 17. Rad1 f6 18. Rd2 Nf4 19. Bc1 Ne6 20. a3 Nd4 21. b4 c5
22. cxb5 axb5 23. bxc5 Qxc5 24. Bb2 Rc8 25. Rc1 Qd6 26. Bxd4 Qxd4 27. Qxd4 exd4
28. Rdc2 Re7 29. Rc5 c6 30. Rxc6 Rxc6 31. Rxc6 Ra7 32. Kf1 Rxa3 33. Ke2 Ra2+
34. Ke1 Kf7 35. h4 b4 36. Rc4 b3 37. Rxd4 b2 38. Rb4 Ra1+ 39. Ke2 b1=Q 40. Rxb1
Rxb1 41. g4 Ke6 42. f4 Rh1 43. h5 h6 44. Ke3 Rh3+ 45. Kd4 Rg3 46. f5+ Kd6 47.
Kc4 Rxg4 48. Kd4 Rh4 49. Ke3 Rxh5 50. d4 Rg5 51. Kf4 h5 52. e5+ Ke7 53. d5 h4
54. d6+ Kd7 55. Ke4 h3 0-1

[Event "C.to Provinciale MN 2003"]
[Site "Mantova ITA"]
[Date "2002.12.08"]
[Round "2"]
[White "Beltrami, Nerio"]
[Black "Greco, Alessandro"]
[Result "1-0"]
[WhiteElo "1843"]
[BlackElo "1600"]
[PlyCount "43"]
[EventDate "2002.12.07"]

1. e4 e5 2. Nf3 d6 3. Bc4 Nf6 4. Nc3 c6 5. d4 exd4 6. Qxd4 c5 7. Qe3 Nbd7 8. a4
Ne5 9. Nxe5 dxe5 10. Qg5 Ng4 11. Bxf7+ Kd7 12. Qxg4+ Kc7 13. Nb5+ Kb8 14. Qg3
Bd6 15. Qxg7 a6 16. Nxd6 Ka7 17. Qxe5 b6 18. Nb5+ axb5 19. axb5+ Kb7 20. Bd5+
Qxd5 21. Qxd5+ Kb8 22. Bf4# 1-0

[Event "C.to Provinciale MN 2003"]
[Site "Mantova ITA"]
[Date "2002.12.08"]
[Round "2"]
[White "Fezzardi, Emanuele"]
[Black "Ruggeri, Dario"]
[Result "0-1"]
[WhiteElo "1729"]
[BlackElo "1630"]
[PlyCount "76"]
[EventDate "2002.12.07"]

1. d4 d5 2. c4 c6 3. e3 Nf6 4. Nc3 a6 5. Nf3 Nbd7 6. Bd3 e6 7. O-O dxc4 8. Bxc4
b5 9. Bd3 c5 10. e4 Bb7 11. Re1 cxd4 12. Nxd4 Bc5 13. Be3 Qb6 14. Bc2 Rd8 15.
Nb3 Bxe3 16. Rxe3 Ne5 17. Qf1 Qc7 18. h3 b4 19. Nb5 axb5 20. Qxb5+ Nc6 21. Nc5
Rb8 22. Ba4 Ba8 23. Na6 Rxb5 24. Nxc7+ Ke7 25. Nxb5 Ne5 26. f3 Bc6 27. b3 Nh5
28. a3 bxa3 29. Nxa3 Bxa4 30. bxa4 Ra8 31. Nb5 Nf4 32. Kh2 Nfd3 33. g3 Nb4 34.
Rc3 Rd8 35. g4 g5 36. a5 Rd2+ 37. Kg1 Nbd3 38. a6 Nxf3+ 0-1

[Event "C.to Provinciale MN 2003"]
[Site "Mantova ITA"]
[Date "2002.12.08"]
[Round "2"]
[White "Peron, Davide"]
[Black "Rodella, Tommaso"]
[Result "1-0"]
[WhiteElo "1555"]
[BlackElo "1549"]
[PlyCount "104"]
[EventDate "2002.12.07"]

1. e4 e5 2. Nf3 Nc6 3. d4 exd4 4. Bc4 Bc5 5. O-O d6 6. c3 Bg4 7. h3 Bxf3 8.
Qxf3 Ne5 9. Qe2 Qf6 10. Kh1 O-O-O 11. b4 Bb6 12. a4 dxc3 13. Be3 Nxc4 14. Qxc4
Bxe3 15. fxe3 Qe6 16. Qd3 d5 17. Nxc3 dxe4 18. Qe2 Nf6 19. Nb5 Kb8 20. Nd4 Qe5
21. Qb2 Rd6 22. b5 Ka8 23. Qa3 Rhd8 24. a5 Rd5 25. Rf5 Qe8 26. Rxd5 Nxd5 27. b6
a6 28. bxc7 Nxc7 29. Rb1 Qe5 30. Qb4 Nb5 31. Kg1 Qd5 32. Nxb5 axb5 33. Qxb5
Qxb5 34. Rxb5 g6 35. g4 Rd2 36. Re5 Rd7 37. Rxe4 Ka7 38. Kf2 f6 39. Kf3 Rf7 40.
Re6 f5 41. g5 Rc7 42. Re5 Rc4 43. Rd5 Ra4 44. Rd7 Rxa5 45. Rxh7 Kb6 46. Rh6 Ra4
47. Rxg6+ Kc5 48. Rf6 Kc4 49. Rxf5 b5 50. g6 Ra7 51. Rf7 Ra8 52. g7 Kd3 1-0

[Event "C.to Provinciale MN 2003"]
[Site "Mantova ITA"]
[Date "2002.12.08"]
[Round "2"]
[White "Trazzi, Enrico"]
[Black "Bertolini, Roberto"]
[Result "1/2-1/2"]
[WhiteElo "1506"]
[BlackElo "1627"]
[PlyCount "95"]
[EventDate "2002.12.07"]

1. d4 d5 2. c4 e6 3. Nc3 Nf6 4. Bg5 Be7 5. e3 Nbd7 6. Nf3 O-O 7. Be2 Re8 8. O-O
dxc4 9. Bxc4 c5 10. Bxf6 Nxf6 11. Bb5 Bd7 12. Bxd7 Qxd7 13. dxc5 Qxd1 14. Rfxd1
Bxc5 15. Rd3 Red8 16. Rad1 Rxd3 17. Rxd3 Kf8 18. Kf1 Ke8 19. Ke2 Rd8 20. h3
Rxd3 21. Kxd3 a6 22. a4 Ke7 23. Ne4 Nxe4 24. Kxe4 f6 25. b3 Bd6 26. Nd2 Bc7 27.
f3 Kd7 28. Kd4 Kc6 29. e4 b5 30. axb5+ Kxb5 31. Kc3 Be5+ 32. Kc2 Kb4 33. Nc4
Bc7 34. Nd2 Kc5 35. Kd3 Bf4 36. Nc4 h5 37. Nb2 h4 38. Nc4 Bc1 39. Kc3 Bf4 40.
Kd3 Bg3 41. Nd2 Kb4 42. Kc2 Be1 43. Nc4 Kc5 44. Kd3 Bf2 45. Nd2 Bg3 46. Nc4 Bc7
47. Nd2 Bf4 48. Nc4 1/2-1/2

[Event "C.to Provinciale MN 2003"]
[Site "Mantova ITA"]
[Date "2002.12.08"]
[Round "3"]
[White "Azzoni, Marino"]
[Black "Goldoni, Claudio"]
[Result "0-1"]
[WhiteElo "1696"]
[BlackElo "1948"]
[PlyCount "65"]
[EventDate "2002.12.07"]

1. e4 c5 2. Nc3 Nc6 3. d3 g6 4. g3 Bg7 5. Bg2 d6 6. Nge2 f5 7. O-O Nf6 8. h3
O-O 9. Nf4 e6 10. Re1 Nd4 11. exf5 gxf5 12. Nce2 Nc6 13. Nc3 Re8 14. Nh5 Nxh5
15. Qxh5 Nd4 16. Qd1 Rb8 17. Ne2 Nc6 18. Nf4 Ne5 19. c3 Bd7 20. d4 cxd4 21.
cxd4 Ng6 22. Qb3 d5 23. Nxg6 hxg6 24. Bf4 Rc8 25. Qxb7 Bxd4 26. Bxd5 exd5 27.
Red1 Bc6 28. Qb3 Qf6 29. Rab1 Re2 30. Rxd4 Qxd4 31. Be3 Qe4 32. Rc1 Kg7 33.
Rxc6 0-1

[Event "C.to Provinciale MN 2003"]
[Site "Mantova ITA"]
[Date "2002.12.08"]
[Round "3"]
[White "Fertonani, Lorenzo"]
[Black "Gualazzi, Paolo"]
[Result "0-1"]
[WhiteElo "1600"]
[BlackElo "1642"]
[PlyCount "71"]
[EventDate "2002.12.07"]

1. e4 g6 2. d3 Bg7 3. c3 d6 4. Be3 e5 5. g3 Nf6 6. Bg5 O-O 7. Bg2 Nc6 8. Nf3
Ne7 9. Qd2 c6 10. Bh6 Qb6 11. Bxg7 Kxg7 12. Na3 Nh5 13. Nc4 Qc7 14. O-O-O a5
15. Ne3 d5 16. exd5 cxd5 17. Nc2 Be6 18. b3 b5 19. Ng5 Bd7 20. c4 bxc4 21. dxc4
Bg4 22. Rde1 Rac8 23. Bxd5 Nxd5 24. Qxd5 Rfe8 25. h3 Bf5 26. Ne3 Be6 27. Nxe6+
Rxe6 28. Ng4 Rd8 29. Qb5 f6 30. Rd1 Red6 31. Rxd6 Qxd6 32. Qxa5 Qd4 33. h4 Rd7
34. Qb5 Qa1+ 35. Kc2 Qxa2+ 36. Kc3 0-1

[Event "C.to Provinciale MN 2003"]
[Site "Mantova ITA"]
[Date "2002.12.08"]
[Round "3"]
[White "Peron, Davide"]
[Black "Nicoletti, Francesco"]
[Result "0-1"]
[WhiteElo "1555"]
[BlackElo "1782"]
[PlyCount "62"]
[EventDate "2002.12.07"]

1. e4 Nf6 2. e5 Nd5 3. Nf3 d6 4. d4 g6 5. c4 Nb6 6. Be2 Bg7 7. O-O O-O 8. Bf4
Nc6 9. Qd2 Bg4 10. d5 Bxf3 11. dxc6 Bxc6 12. exd6 cxd6 13. Bh6 d5 14. Bxg7 Kxg7
15. Qd4+ Kg8 16. c5 Nd7 17. f4 e5 18. fxe5 Qe7 19. Nc3 Qxe5 20. Qxe5 Nxe5 21.
b4 a6 22. Rad1 Rad8 23. Rd4 Nc4 24. Bxc4 dxc4 25. Rfd1 Rxd4 26. Rxd4 Re8 27.
Kf2 f5 28. Rxc4 Rd8 29. Ne2 Rd2 30. a3 Bb5 31. Ke1 Rxe2+ 0-1

[Event "C.to Provinciale MN 2003"]
[Site "Mantova ITA"]
[Date "2002.12.08"]
[Round "3"]
[White "Ruggeri, Dario"]
[Black "Beltrami, Nerio"]
[Result "1-0"]
[WhiteElo "1630"]
[BlackElo "1843"]
[PlyCount "63"]
[EventDate "2002.12.07"]

1. e4 d6 2. Bc4 Nf6 3. Nc3 g6 4. d4 Bg7 5. h3 O-O 6. Nf3 Nxe4 7. Nxe4 d5 8. Bd3
dxe4 9. Bxe4 Nd7 10. c3 Nf6 11. Bd3 b6 12. O-O Bb7 13. Re1 Qd6 14. Bg5 Rad8 15.
Bh4 c5 16. Bg3 Qd7 17. Ne5 Qd5 18. f3 cxd4 19. Bc4 Qc5 20. b4 Qc8 21. cxd4 e6
22. Rc1 Qa8 23. Bh4 Bd5 24. Ng4 Nxg4 25. Bxd8 Rxd8 26. hxg4 Bxc4 27. Rxc4 Qd5
28. Qc1 Bxd4+ 29. Kh1 Bf2 30. Re2 Bg3 31. Rc8 h5 32. Rd2 1-0

[Event "C.to Provinciale MN 2003"]
[Site "Mantova ITA"]
[Date "2002.12.14"]
[Round "4"]
[White "Azzoni, Marino"]
[Black "Bertolini, Roberto"]
[Result "1-0"]
[WhiteElo "1696"]
[BlackElo "1627"]
[PlyCount "67"]
[EventDate "2002.12.07"]

1. e4 c6 2. d4 d5 3. e5 Bf5 4. Nf3 e6 5. Be3 Nd7 6. Nc3 Bb4 7. a3 Bxc3+ 8. bxc3
Qa5 9. Bd2 Qa4 10. Ra2 h6 11. Be2 Nb6 12. O-O Ne7 13. Ne1 Nc4 14. Bc1 O-O 15.
Nd3 b6 16. g4 Bh7 17. g5 hxg5 18. Bxg5 Rfe8 19. Kh1 Bf5 20. Rg1 Kf8 21. Bg4
Be4+ 22. f3 Bh7 23. Qe1 Nf5 24. Bxf5 Bxf5 25. Qh4 Kg8 26. Bf6 Bg6 27. Nf4 Ne3
28. Nxg6 fxg6 29. Qg5 Nf5 30. Qxg6 Re7 31. Bxe7 Qc4 32. Qxe6+ Kh8 33. Qxf5 Qxc3
34. Qg6 1-0

[Event "C.to Provinciale MN 2003"]
[Site "Mantova ITA"]
[Date "2002.12.14"]
[Round "4"]
[White "Badalotti, Dario"]
[Black "Zordan, Giovanni"]
[Result "1/2-1/2"]
[WhiteElo "1489"]
[BlackElo "1507"]
[PlyCount "112"]
[EventDate "2002.12.07"]

1. e4 c5 2. Nf3 e6 3. d4 cxd4 4. Nxd4 Nc6 5. Nc3 Bb4 6. Qd3 Qf6 7. Be3 Nh6 8.
h3 O-O 9. Be2 a6 10. O-O e5 11. Nf3 Bxc3 12. Qxc3 d6 13. Rfd1 Qg6 14. Nh4 Qxe4
15. g3 Bxh3 16. Bf3 Qb4 17. a3 Qxc3 18. bxc3 Rfd8 19. Bxh6 gxh6 20. g4 e4 21.
Be2 Ne5 22. Nf5 Kf8 23. Nxh6 Kg7 24. Nf5+ Kf6 25. Rxd6+ Rxd6 26. Nxd6 Bxg4 27.
Bxg4 Nxg4 28. Nxe4+ Kg7 29. Rd1 Nf6 30. Nxf6 Kxf6 31. Rd3 Rc8 32. Kf1 h5 33.
Rh3 Rc5 34. Rf3+ Ke6 35. Ke2 f6 36. Re3+ Re5 37. Rxe5+ Kxe5 38. Ke3 h4 39. Kf3
Kf5 40. c4 Kg5 41. c3 f5 42. a4 f4 43. Kg2 Kg4 44. f3+ Kh5 45. a5 Kg5 46. Kh3
Kh5 47. Kg2 h3+ 48. Kxh3 Kg5 49. Kg2 Kh4 50. Kh2 Kg5 51. Kh3 Kh5 52. Kg2 Kh4
53. Kh2 Kh5 54. Kh3 Kg5 55. Kg2 Kf5 56. Kh3 Kg5 1/2-1/2

[Event "C.to Provinciale MN 2003"]
[Site "Mantova ITA"]
[Date "2002.12.14"]
[Round "4"]
[White "Fezzardi, Emanuele"]
[Black "Greco, Alessandro"]
[Result "1-0"]
[WhiteElo "1729"]
[BlackElo "1600"]
[PlyCount "75"]
[EventDate "2002.12.07"]

1. d4 d5 2. c4 Nf6 3. cxd5 Nxd5 4. e4 Nb4 5. Qa4+ Bd7 6. Qxb4 e5 7. Qb3 exd4 8.
Nf3 c5 9. Bc4 Qe7 10. O-O b6 11. Ng5 h6 12. Nxf7 Rh7 13. e5 b5 14. Bd5 c4 15.
Qf3 g5 16. Nd6+ Kd8 17. Bxa8 Be6 18. Bd2 Nd7 19. Qb7 Nb6 20. Qb8+ Bc8 21. Nxc8
Nxc8 22. Ba5+ Ke8 23. Qxc8+ Kf7 24. Qf5+ Kg8 25. Bd5+ Kh8 26. Qf6+ Qxf6 27.
exf6 h5 28. Re1 h4 29. Re8 Rh6 30. Rxf8+ Kh7 31. Be4+ Rg6 32. Bxg6+ Kxg6 33.
Bb4 Kf5 34. f7 Kf6 35. Nd2 Ke5 36. Re8+ Kd5 37. f8=Q a6 38. Qd6# 1-0

[Event "C.to Provinciale MN 2003"]
[Site "Mantova ITA"]
[Date "2002.12.14"]
[Round "4"]
[White "Goldoni, Claudio"]
[Black "Ruggeri, Dario"]
[Result "1-0"]
[WhiteElo "1948"]
[BlackElo "1630"]
[PlyCount "51"]
[EventDate "2002.12.07"]

1. c4 c6 2. d4 d5 3. e3 Nf6 4. Nc3 e6 5. Nf3 Nbd7 6. Bd2 a6 7. c5 Qc7 8. b4 e5
9. Be2 Be7 10. O-O O-O 11. Be1 Re8 12. Na4 e4 13. Nd2 Bd8 14. f3 exf3 15. Bxf3
Rxe3 16. Bg3 Ne5 17. dxe5 Ne4 18. Bxe4 Rxg3 19. hxg3 Qxe5 20. Qf3 Bf6 21. Nb6
Rb8 22. Bd3 Qd4+ 23. Kh2 Be6 24. Rae1 Be5 25. Bxh7+ Kf8 26. Rxe5 1-0

[Event "C.to Provinciale MN 2003"]
[Site "Mantova ITA"]
[Date "2002.12.14"]
[Round "4"]
[White "Trazzi, Enrico"]
[Black "Nicoletti, Francesco"]
[Result "0-1"]
[WhiteElo "1506"]
[BlackElo "1782"]
[PlyCount "56"]
[EventDate "2002.12.07"]

1. d4 d5 2. c4 c6 3. cxd5 cxd5 4. Nc3 Nc6 5. e3 Nf6 6. Bb5 e6 7. Nf3 Be7 8. O-O
O-O 9. Re1 Bd7 10. Bd2 a6 11. Bd3 Rc8 12. a3 Na5 13. Ne5 Be8 14. b3 Nd7 15.
Nxd7 Bxd7 16. e4 Qb6 17. exd5 Qxd4 18. Bc2 Bf6 19. d6 Rc6 20. Re3 g6 21. Be1
Rfc8 22. Qd3 Qxd3 23. Rxd3 Bxc3 24. Bxc3 Rxc3 25. Rxc3 Rxc3 26. Be4 Nxb3 27.
Re1 Nc5 28. Bf3 Rxa3 0-1

[Event "C.to Provinciale MN 2003"]
[Site "Mantova ITA"]
[Date "2002.12.15"]
[Round "5"]
[White "Beltrami, Nerio"]
[Black "Fezzardi, Emanuele"]
[Result "1/2-1/2"]
[WhiteElo "1843"]
[BlackElo "1729"]
[PlyCount "179"]
[EventDate "2002.12.07"]

1. e4 d5 2. exd5 Nf6 3. d4 Nxd5 4. c4 Nb6 5. Nc3 Bf5 6. Nf3 Nc6 7. Be3 e6 8.
Be2 Be7 9. O-O O-O 10. h3 Bf6 11. a3 Re8 12. g4 Bg6 13. Rc1 h6 14. b4 e5 15. d5
Nb8 16. c5 Nc8 17. Nd2 e4 18. Nc4 Nd7 19. Nb5 a6 20. Nd4 Ne5 21. Nxe5 Bxe5 22.
Bc4 Ne7 23. Ne2 h5 24. Nf4 hxg4 25. Nxg6 Nxg6 26. Qxg4 Nh4 27. Kh1 Qf6 28. Bg5
Qf3+ 29. Qxf3 Nxf3 30. Be3 Rad8 31. Rc2 g6 32. Rd1 Kg7 33. Be2 Rh8 34. Bf1 Rh5
35. Bc1 Rdh8 36. Bb2 Rxh3+ 37. Bxh3 Rxh3+ 38. Kg2 Rh2+ 39. Kf1 Bxb2 40. Rxb2
Kf6 41. d6 cxd6 42. cxd6 Rh1+ 43. Ke2 Rxd1 44. Kxd1 Ke6 45. Ke2 Kxd6 46. Ke3 f5
47. Rc2 g5 48. Rc8 Ne5 49. Rg8 Nf7 50. Kd4 Ne5 51. Rg7 Nf3+ 52. Ke3 Kc6 53. a4
b5 54. Rg6+ Kd5 55. Rxa6 f4+ 56. Ke2 bxa4 57. Rxa4 Nd4+ 58. Kf1 e3 59. fxe3
fxe3 60. Ke1 Kc6 61. Ra2 Kb5 62. Rb2 Nc6 63. Ke2 Nxb4 64. Kxe3 Kc4 65. Ke4 Nd5
66. Rc2+ Nc3+ 67. Kf5 Kd3 68. Rb2 Nd1 69. Rb3+ Kc4 70. Rf3 Nc3 71. Kxg5 Kd4 72.
Kf5 Nd5 73. Ra3 Ne3+ 74. Ke6 Nc4 75. Rh3 Nd2 76. Rh4+ Ke3 77. Kd5 Nf3 78. Re4+
Kf2 79. Rf4 Ke3 80. Rg4 Nh2 81. Rg2 Nf3 82. Rg3 Kf4 83. Rg2 Ke3 84. Kd6 Ke4 85.
Kc5 Ne5 86. Re2+ Kf4 87. Kd5 Nf3 88. Re4+ Kg3 89. Re3 Kf4 90. Ra3 1/2-1/2

[Event "C.to Provinciale MN 2003"]
[Site "Mantova ITA"]
[Date "2002.12.15"]
[Round "5"]
[White "Bertolini, Roberto"]
[Black "Badalotti, Dario"]
[Result "1-0"]
[WhiteElo "1627"]
[BlackElo "1489"]
[PlyCount "41"]
[EventDate "2002.12.07"]

1. e4 c5 2. Nf3 d6 3. d4 cxd4 4. Nxd4 Nf6 5. Nc3 h6 6. Be2 a6 7. a4 Bd7 8. Be3
Nc6 9. Nb3 Na5 10. Nd2 Nc6 11. Nc4 Qc7 12. Bb6 Qb8 13. O-O Nd8 14. f4 Bc6 15.
Nd5 Ne6 16. f5 Bxd5 17. exd5 Nc7 18. Bf3 Qc8 19. Re1 Nd7 20. Nxd6+ Kd8 21. Nxc8
1-0

[Event "C.to Provinciale MN 2003"]
[Site "Mantova ITA"]
[Date "2002.12.15"]
[Round "5"]
[White "Gualazzi, Paolo"]
[Black "Azzoni, Marino"]
[Result "1-0"]
[WhiteElo "1642"]
[BlackElo "1696"]
[PlyCount "63"]
[EventDate "2002.12.07"]

1. d4 d5 2. Nf3 Nf6 3. e3 Nc6 4. c4 Bg4 5. cxd5 Qxd5 6. Be2 Ne4 7. O-O e6 8.
Nc3 Nxc3 9. bxc3 b5 10. a4 bxa4 11. Qxa4 Rb8 12. Bc4 Qd7 13. Bb5 Bxf3 14. gxf3
Rb6 15. Rb1 Be7 16. Bxc6 Qxc6 17. Qxc6+ Rxc6 18. Rb8+ Bd8 19. Bd2 O-O 20. Ra8
Ra6 21. Rb1 c6 22. Rbb8 Be7 23. c4 Ra4 24. Rxf8+ Bxf8 25. c5 f6 26. Rc8 Ra6 27.
e4 Kf7 28. Be3 Ke7 29. Bf4 Kf7 30. Bd6 Bxd6 31. cxd6 c5 32. dxc5 1-0